000 00786nam a2200205 4500
008 030811s2005 cc 000 0 chi
020 _a7301093233 :RM24
090 _aBS617
_bF32h
_b2005
100 1 _aFee, Gordon D.
245 1 0 _aHow to read the Bible book by book :
_ba guided tour {ch} /
_cGordon D. Fee and Douglas Stuart.
260 _aBeijing
_bPeking University Press,
_c2005.
300 _a2,2,3,421 p.
490 1 _aWei ming yi ku. Jidu jiao wen hua yi cong = Weiming translation library.
650 4 _aBible stories
_xStudy and teaching {ch}.
650 4 _aBible
_xCriticism, interpretation, etc. {ch}.
650 4 _aBible
_xReading {ch}.
700 1 _aStuart, Douglas K.
951 _pC-7767
_x00033552
_oBS617/F32h/2005
_j070613111605203
_d2000-12-21
_cCH
999 _c27239
_d27239